000 01904nam0a22002771 4500
001 v19\rc\1270915
005 20250618004137.0
035 _a(NLR Aleph) 004423107
090 _a4163741
_c4163741
100 _a20060306e18951893|||y0rusy50 ca
101 0 _arus
102 _aRU
105 _ay j |||||
200 1 _aОписание коллекции почв, собранной в 1894 году
210 _aКазань
_cтипо-лит. Ун-та
_d1895
215 _a[2], VIII, 75-128 с.
300 _aПеред загл. авт.: Р. Ризположенский
311 _aОтт. из кн.: Р. Ризположенский. Отчет о почвенных исследованиях в 1893-1895 гг. Департаменту земледелия Министерства земледелия и государственных имуществ. Казань, 1895
488 0 _12001#$aОтчет о почвенных исследованиях в 1893-1895 гг. Департаменту земледелия Министерства земледелия и государственных имуществ.
_1210##$aКазань$d1895
_1700#1$aРизположенский$bР.В.$gРафаил Васильевич
_tОтчет о почвенных исследованиях в 1893-1895 гг. Департаменту земледелия Министерства земледелия и государственных имуществ.
_aРизположенский, Рафаил Васильевич
532 1 1 _aОписание коллекции почв, собранной в тысяча восемьсот девяносто четвертом году
700 1 _aРизположенский
_bР.В.
_gРафаил Васильевич
801 0 _aRU
_bNLR
_gpsbo
801 1 _aRU
_bProSoft-M
_2rusmarc
852 _aNLR
_j18.180.3.108
942 _cBOOK
980 _aNB